UBT Library

Minimally Invasive Techniques in Neurosurgery (Record no. 53647)

000 -LEADER
fixed length control field 00288nam a22001217a 4500
008 - FIXED-LENGTH DATA ELEMENTS--GENERAL INFORMATION
fixed length control field 181221b xxu||||| |||| 00| 0 eng d
041 ## - LANGUAGE CODE
Language code of text/sound track or separate title eng
080 ## - UNIVERSAL DECIMAL CLASSIFICATION NUMBER
Universal Decimal Classification number 616.8
100 ## - Rafti
Rafti 7
101 ## - Shkurtesa
Shkurtesa NEU
245 ## - TITLE STATEMENT
Title Minimally Invasive Techniques in Neurosurgery
Statement of responsibility, etc Cohen,A.R
942 ## - ADDED ENTRY ELEMENTS (KOHA)
Source of classification or shelving scheme
Item type Books

No items available.

UBT Library © 2015-2024. All rights reserved University Education for Business and Technology